000 00565cam a2200217 4500
001 45817
010 _a9727592899
021 _b154580/00
090 _a45817
100 _a20010222d2000 m y0pory5003 ba
101 0 _apor
102 _aPT
200 1 _aOs sonhos e outras perigosas embirracões
_fAntónio Manuel Venda
205 _a1.ª ed.
210 9 _aLisboa
_cTemas e Debates,
_d2000
215 _a217 p.
_d24 cm
225 2 _aLusografias
_v2
675 _a821.134.3-31"19/20"
_vBN
_zpor
700 1 _aVenda,
_bAntónio Manuel,
_f1968-
801 _aPT
_gRPC
990 _cLIVROS